Проблемы адаптации человека к экологическим и социальным условиям Севера (Запись № 1550087)

Подробности
000 -МАРКЕР
контрольное поле 01863nam0a2200325 4500
001 - ИДЕНТИФИКАТОР ЗАПИСИ
контрольное поле RU\NLR\bibl\1463763
005 - ИДЕНТИФИКАТОР ВЕРСИИ
контрольное поле 20260412030924.0
010 ## - МЕЖДУНАРОДНЫЙ СТАНДАРТНЫЙ НОМЕР КНИГИ (ISBN)
Номер (ISBN) 978-5-904030-85-8
Тираж 200
035 ## - ДРУГИЕ СИСТЕМНЫЕ НОМЕРА
Идентификатор записи (NLR Aleph) 001455508
100 ## - ДАННЫЕ ОБЩЕЙ ОБРАБОТКИ
Данные общей обработки 20100121d2009 |||y0rusy50 ca
101 0# - ЯЗЫК РЕСУРСА
Язык текста, звукозаписи и т.д. русский
102 ## - СТРАНА ПУБЛИКАЦИИ ИЛИ ПРОИЗВОДСТВА
Страна публикации Российская Федерация
105 ## - ПОЛЕ КОДИРОВАННЫХ ДАННЫХ: ТЕКСТОВЫЕ МАТЕРИАЛЫ, МОНОГРАФИЧЕСКИЕ
Кодированные данные о монографическом текстовом документе a |||||||||
200 1# - ЗАГЛАВИЕ И СВЕДЕНИЯ ОБ ОТВЕТСТВЕННОСТИ
Основное заглавие Проблемы адаптации человека к экологическим и социальным условиям Севера
Сведения, относящиеся к заглавию [по материалам 4-го Симпозиума с международным участием, г. Сыктывкар, 7-8 октяря 2008 г.]
Первые сведения об ответственности отв. ред.: д.м.н., проф. Е.Р. Бойко
210 ## - ПУБЛИКАЦИЯ, РАСПРОСТРАНЕНИЕ И ДР.
Место издания, распространения и т.д. Сыктывкар
Имя издателя, распространителя и т. д. Информационно-издательский отдел Коми научного центра УрО РАН
Место издания, распространения и т.д. Санкт-Петербург
Имя издателя, распространителя и т. д. Политехника-сервис
Дата издания, распространения и т.д. 2009
215 ## - ФИЗИЧЕСКАЯ ХАРАКТЕРИСТИКА
Специфическое обозначение материала и объем 264 с.
Другие сведения о физической характеристике ил.
Размеры 21
300 ## - ОБЩИЕ ПРИМЕЧАНИЯ
Текст примечания В надзаг.: Рос. акад. наук, Урал. отд-ние, Коми науч. центр, Ин-т физиологии
320 ## - ПРИМЕЧАНИЯ О НАЛИЧИИ В ДОКУМЕНТЕ БИБЛИОГРАФИИ / УКАЗАТЕЛЯ
Текст примечания Библиогр.: с. 237-261
606 1# - НАИМЕНОВАНИЕ ТЕМЫ КАК ПРЕДМЕТ
Наименование темы Человек
Тематический подзаголовок Адаптация к условиям полярного климата
Системный номер авторитетной/нормативной записи 1939535
Идентификатор авторитетной/нормативной записи RU\NLR\auth\661174410
606 1# - НАИМЕНОВАНИЕ ТЕМЫ КАК ПРЕДМЕТ
Наименование темы Здравоохранение
Географический подзаголовок Российская Федерация
-- Север
Системный номер авторитетной/нормативной записи 2297520
Идентификатор авторитетной/нормативной записи RU\NLR\auth\661375681
686 ## - ИНДЕКСЫ ДРУГИХ КЛАССИФИКАЦИЙ
Индекс Р120.172.4
686 ## - ИНДЕКСЫ ДРУГИХ КЛАССИФИКАЦИЙ
Индекс Р11(2Р1)
702 #1 - ИМЯ ЛИЦА - ВТОРИЧНАЯ ОТВЕТСТВЕННОСТЬ
Код отношения Редактор
Материалы, к которым относится поле rus
Графика поля Кириллица
Начальный элемент ввода Бойко
Часть имени, кроме начального элемента ввода Е. Р.
Дополнения к именам, кроме дат д-р мед. наук
Даты 1960-
Расширение инициалов личного имени Евгений Рафаилович
Идентификатор авторитетной/нормативной записи RU\NLR\AUTH\7745812
Системный номер авторитетной/нормативной записи 28747
712 02 - НАИМЕНОВАНИЕ ОРГАНИЗАЦИИ - ВТОРИЧНАЯ ОТВЕТСТВЕННОСТЬ
Код отношения Прочие
Начальный элемент ввода Институт физиологии
Идентифицирующий признак Сыктывкар
Идентификатор авторитетной/нормативной записи RU\NLR\AUTH\889949246
Системный номер авторитетной/нормативной записи 394120
801 #0 - ИСТОЧНИК ЗАПИСИ
Страна Российская Федерация
Организация NLR
Дата составления 20100121
Правила каталогизации RCR
801 #1 - ИСТОЧНИК ЗАПИСИ
Страна Российская Федерация
Организация NLR
Дата составления 20100121
942 ## - ДОПОЛНИТЕЛЬНЫЕ ЭЛЕМЕНТЫ ЗАПИСИ (АБИС)
Тип экземпляра АБИС Книга
980 ## - КОЛЛЕКЦИЯ
Название коллекции Национальная библиография
Экземпляры
Тип экземпляра Дата поступления Источник поступления Стоимость Библиотека постоянного хранения Библиотека текущего хранения Место хранения Шифр хранения Штрих-код Статус экземпляра
Книга 21.01.2010 Дар 200.00 РНБ (Московский) РНБ (Московский) Русский книжный фонд: издания с 1957 года 2010-3/1235 3085457